| 000 | 01130nam a22002177a 4500 | ||
|---|---|---|---|
| 999 |
_c59493 _d59493 |
||
| 003 | Ge_BSU | ||
| 005 | 20230301103529.0 | ||
| 008 | 230301s1997 ge ||||| |||| 00| 0 geo d | ||
| 041 | _ageo | ||
| 080 | _a343(042.4) ს-96 | ||
| 100 |
_aსურგულაძე, ლ. _917082 |
||
| 245 |
_aსისხლის სამართალი : _bდანაშაული : (ლექციები) / _cლ. სურგულაძე ; რედ.: მ. ლეკვეიშვილი ; საქ. მეცნ. აკად. სახ. და სამართლ. ინ-ტთან არსებ. თბილისის ჰუმანიტ. ინ-ტი. |
||
| 264 |
_aთბილისი : _c1997. |
||
| 300 |
_a416 გვ. ; _b20 სმ. |
||
| 500 | _a ბიბლიოგრ. ტექსტის შენიშვნ. | ||
| 653 | _aსისხლის სამართალი | ||
| 653 | _aლექციების კურსი. | ||
| 653 | _aდანაშაული. | ||
| 700 |
_aლეკვეიშვილი, მ. _eრედაქტორი. _93505 |
||
| 942 |
_2udc _cBK |
||